Quizzes
Events
Quiz Creation
Community
Videos
Private Events
Remove Ads
Sign In
Join for FREE
Feedback
Dark Mode
Quiz Categories
Sports
Geography
Music
Movies
Television
Just For Fun
Miscellaneous
History
Literature
Language
Science
Gaming
Entertainment
Religion
Holiday
For Kids
Quiz Lab
Recent
Popular Today
Quiz Kudos Today
Editor Picks
Curator Picks
Quizzes by...
Day
Popularity
Type
Ratings
Length
Year
Community
Subscriptions
Recent Discussions
Orange Saloon
Badges
Playlists
Quests
Create
Leaderboards
Showdown
Live 5
Trivia Bingo
Activity
Puzzle Library
Sporcle Events
Private Events
Virtual Trivia
Globe League
Become a Host
Pub Owners
SporcleCon
Opinionation
Our Games
Videos
Blog
Mobile Apps
Partnerships
Remove Ads and Go Orange
Feedback
Television
TV Characters
TV Show
Sitcom
Network
Friends
Reality Shows
Cast
South Park
Star Trek
The Simpsons
Doctor Who
Television
TV Characters
TV Show
Sitcom
Network
Friends
Reality Shows
Cast
South Park
Star Trek
The Simpsons
Doctor Who
Random Quiz
Search Sporcle
×
Quiz Lab
Quiz Lab
Television
Role
Type in answers that appear in a list
Type in answers that appear in a list
Classic
Best Score? Go Orange.
Sex and the City guest appearances Stats
Can you name the people who made Sex and the City guest appearances?
By
jjjjyyyy
5m
18 Questions
482 Plays
482 Plays
482 Plays
Comments
Comments
Give Quiz Kudos
Give Quiz Kudos
-
- Ratings
hide this ad
Replay
Link that replays current quiz
Next Quiz
Link to next quiz in quiz playlist
You Got
0%
They Got
Avg Score
48%
Avg Friend Score
Upgrade to see
Score Distribution
Jump to the score distribution portion of the page
Score
0/18
Timer
05:00
0
Plays Today
Role
Name
% Correct
Carrie hooked up with him after meeting at the therapist's office
Jon Bon Jovi
82.4%
Played herself -
got pissed and told Samantha off when she found out Samantha used her name to get a Birkin bag
Lucy Liu
74.3%
He played a cool guy in LA who gets Carrie and Samantha into a club; then takes Carrie to look at million dollar houses; later turns out to be a personal assistant to the stars
Vince Vaughn
73.4%
She played herself -
walked in the same fashion show as Carrie
Heidi Klum
66%
She played herself -
caught Carrie in her house in bed in LA and mistook her as a prostitute
Carrie Fisher
63.5%
He played Carrie's high school boyfriend who was in a mental institute
David Duchovny
57.7%
She played the ex girlfriend of the 20-
something guy that Carrie was seeing -
they went to a house party where people were playing spin the bottle and she and Carrie kiss
Alanis Morissette
54.1%
Played annoying 20-
something agent in LA who wanted to make Carrie's column into a movie
Sarah Michelle Gellar
49.8%
Played Carrie's boss at Vogue; got set up with a short ugly dude by Carrie and her boyfriend
Candice Bergen
48.8%
Role
Name
% Correct
She played herself -
friend of Aiden's ex, the face girl; she went to get a pretzel with Stanford at the farmer's market while Carrie confronted the face girl
Heather Graham
46.1%
He played himself -
Carrie meets with him in LA to discuss possibly making a movie out of her column
Matthew McConaughey
43.8%
She played the bossy director of the fashion show that Carrie was walking in
Margaret Cho
39.4%
Played the hot doctor who moves into Miranda's building; stuffed a tampon up Steve's nose to stop from bleeding
Blair Underwood
38.6%
Runs into Samantha on the street on a hot day and tells Samantha that she was just at the Soho House pool; Samantha ends up going to the pool with the girls on a stolen ID
Geri Halliwell
33.4%
Played bitchy friend of Carrie's who hosted a baby shower where everyone had to take their shoes off and Carrie finds out at the end of the party that someone took her shoes
Tatum O'Neal
30.1%
The Russian artist who whisked Carrie away to Paris
Mikhail Baryshnikov
29.7%
She played the 13 year old brat who hired Samantha as her publicist for her Bat Mitzvah
Kat Dennings
23.4%
Played the 25 year old Mr. Big marries; chips her tooth while chasing Carrie
Bridget Moynahan
19.3%
Quiz Playlist
Details
Report
Send in Message
Add To Playlist
Classic:
Type in answers that appear in a list
Last Updated: Feb 16, 2017
Quiz Scoreboard
CHALLENGE
Sign Up to Join the Scoreboard
Show All
Scores
Hide
Comments
May contain spoilers
Recently Published
Billboard Blitz: Fleetwood Mac
by CooCooCachoo
Music
15s
Presidents Visiting Landmarks
by Hejman
History
7m
An Introduction to Baseball
by treessimontrees
Sports
5m
More to Explore
Quiz From the Vault
Featured Blog Post
Where Did the Easter Bunny Come From?
hide this ad
You Might Also Like...
Tags
City Quiz
Role Quiz
appearance
guest
Sex
Today's Top Quizzes in Television
Browse Television
hide this ad
Today's Top Quizzes in Role
Browse Role
Top Contributed Quizzes in Television
1
5-to-1: The Simpsons Families
2
5-to-1: Television Doctors
3
7-to-1: TV Show Settings
4
One Piece Logic Puzzle
5
5-to-1: Streaming Originals
6
Survivor Seasons
7
Survivor Logic Puzzle: Heroes vs. Villains
8
TV Shows by First Names
9
Survivor Season by Logo
10
Survivor Trivia
Explore More
Trending Topics
Kpop
NBA
Crossword
Disney
Anime
Marvel
Harry Potter
Soccer
Song
The Office
Puzzle
Country
Pokémon
WWE
NFL
hide this ad
More By:
jjjjyyyy
Quiz
Plays
Rating
Category
Featured
Created
Sex and the City guest appearances
482
Television
Jul 12, 2010
America's most medicated states
320
Miscellaneous
Jul 9, 2010
name the sashimi/sushi
305
4.00
Language
Jul 6, 2010
Companies with best customer service
115
4.00
Miscellaneous
Jul 8, 2010
Ralph Fiennes movies by year
59
2.00
Movies
Jun 25, 2010
Go to Creator's Profile
Score Distribution
Quiz Creator Spotlight
jjjjyyyy
Follow
Send a Message
Quizzes Created
-
Created Quiz Play Count
-
More By This Creator
Popular Quizzes Today
1
Find the US States - No Outlines Minefield
2
Find the Countries of Europe - No Outlines Minefield
3
The Countries of the World
4
Find the US States
5
Risky Map Clicking: Biggest States A-Z
6
US States
7
Popular People in 1961
8
Movies - When Are They Set?
More Television Quizzes
Acrostic The Umbrella Academy
Quiz Lab
Trending Quizzes
Risky Map Clicking: Least Populous States A-Z
1-10 Letter G Words
1-10 Letter F Words
Risky Map Clicking: Next State Alphabetically
Risky Map Clicking: Biggest States A-Z
Recently Updated
Leaping Animals
pecheneg
Reality TV Shows (A-Z)
bhenderson79
Rickey Henderson's Hall of Fame Teammates
pecheneg
Champions League XIs: Arsenal
pecheneg
Quick Pick: Celebrities in WWE's Hall of Fame
aduchscher
A-Z Keypad Blitz II
pecheneg
Multiple Oscar Actors
pecheneg
Mystery Phrase Blitz: Oscar 'Best Actors'
pecheneg
F. Scott Fitzgerald Novels
LTH
Pick 3 Villains
ddd62291
Trending Topics
Anime
Disney
NBA
Harry Potter
Marvel
Kpop
Crossword
WWE
Pokémon
NFL
Country
Puzzle
Song
The Office
Soccer
Your Account Isn't Verified!
In order to create a playlist on Sporcle, you need to verify the email address you used during registration. Go to your
Sporcle Settings
to finish the process.
Report this User
Report this user for behavior that violates our
Community Guidelines
.
Details:
Send Report
Go to the Sporcle.com Mobile Site →
Comments